000 00671nam a2200265Ia 4500
005 20260121172434.0
008 008 260114s9999 xx 000 0 eng d
020 _a9783030554941
037 _aEBOOK
040 _aCRL
040 _beng
040 _cCRL
041 _2eng
041 _aeng
084 _qCRL
100 _aArshad Mehmood Abbasi, Rainer W. Bussmann
_91088455
245 0 _aEthnobiology of Mountain Communities in Asia
260 _bSpringer
260 _bSpringer
260 _c2021
856 _uhttps://link.springer.com/openurl?genre=book&isbn=978-3-030-55494-1
942 _cEBOOK
999 _c1654194
_d1654194